LEADER 01195nam a2200313 i 4500 001 991001037829707536 005 20020502182738.0 008 990512s1989 it ||| | ita 020 $a8820430525 035 $ab11454799-39ule_inst 035 $aPRUMB53900$9ExL 040 $aDip. SSSC$bita 082 0 $a331.2592 100 1 $aBellotto, Massimo$0155380 245 10$aCulture organizzative e formazione /$cMassimo Bellotto, Giancarlo Trentini ; con contributi di M. Bruscaglioni, U. Margiotta, A. Salatin 260 $aMilano :$bF. Angeli,$cc1989 300 $a137 p. ;$c22 cm. 490 0 $aCollana di psicologia sociale ;$v6 650 4$aFormazione professionale 700 1 $aTrentini, Giancarlo$eauthor$4http://id.loc.gov/vocabulary/relators/aut$0526682 700 1 $aBruscaglioni, Massimo 700 1 $aMargiotta, Umberto 700 1 $aSalatin, Arduino 907 $a.b11454799$b01-03-17$c01-07-02 912 $a991001037829707536 945 $aLE021 DI8D28$g1$i2021000034329$lle021$o-$pE0.00$q-$rl$s- $t0$u7$v1$w7$x0$y.i11641642$z01-07-02 996 $aCulture organizzative e formazione$9876068 997 $aUNISALENTO 998 $ale021$b01-01-99$cm$da $e-$fita$git $h0$i1 LEADER 02218nam 2200637Ia 450 001 996203981703316 005 20240418063531.0 010 $a1-281-31088-3 010 $a9786611310882 010 $a0-470-70493-4 010 $a0-470-77589-0 010 $a0-470-77697-8 035 $a(CKB)1000000000405929 035 $a(EBL)351071 035 $a(OCoLC)476170430 035 $a(SSID)ssj0000139337 035 $a(PQKBManifestationID)11158858 035 $a(PQKBTitleCode)TC0000139337 035 $a(PQKBWorkID)10008235 035 $a(PQKB)10007299 035 $a(MiAaPQ)EBC351071 035 $a(Au-PeEL)EBL351071 035 $a(CaPaEBR)ebr10233000 035 $a(CaONFJC)MIL131088 035 $a(OCoLC)437214060 035 $a(EXLCZ)991000000000405929 100 $a20020328d2002 uy 0 101 0 $aeng 135 $aur|n|---||||| 181 $ctxt 182 $cc 183 $acr 200 10$aDimensions of moral theory$b[electronic resource] $ean introduction to metaethics and moral psychology /$fJonathan Jacobs 205 $a1st ed. 210 $aMalden, MA $cBlackwell Pub.$d2002 215 $a1 online resource (192 p.) 300 $aDescription based upon print version of record. 311 $a0-631-22964-7 311 $a0-631-22963-9 320 $aIncludes bibliographical references (p. [162]-165) and index. 327 $aDimensions of Moral Theory: An Introduction to Metaethics and Moral Psychology; Contents; Preface; Acknowledgments; 1 Objectivity and Subjectivity; 2 Moral Theory and Moral Psychology; 3 Forms of Moral Theory; 4 Naturalism and Nonnaturalism; Conclusion; Glossary; Bibliography; Index; 330 $aDimensions of Moral Theory examines the key presuppositions and philosophical commitments that support and shape moral theories. 606 $aEthics 606 $aPsychology and philosophy 615 0$aEthics. 615 0$aPsychology and philosophy. 676 $a170 676 $a170/.42 700 $aJacobs$b Jonathan A$0986731 801 0$bMiAaPQ 801 1$bMiAaPQ 801 2$bMiAaPQ 906 $aBOOK 912 $a996203981703316 996 $aDimensions of moral theory$92255157 997 $aUNISA